| 000 | 01226cam a22002655a 4500 | ||
|---|---|---|---|
| 003 | EG-ScBUE | ||
| 005 | 20221010112739.0 | ||
| 008 | 100801s1969 ua a f b00 000ra ara d | ||
| 040 |
_aEG-ScBUE _bara _erda _dEG-ScBUE _cEG-ScBUE |
||
| 082 | 0 | 4 |
_a700.103 _bهـ ا و _222 |
| 100 | 1 |
_aهاوزر، أرنولد، _d1892-1978، _eمؤلف. _916929 |
|
| 245 | 1 | 2 |
_aالفن والمجتمع عبر التاريخ. _nالجزء الأول / _cتأليف أرنولد هاوزر ؛ ترجمة دكتور فؤاد زكريا ؛ مراجعة أحمد خاكى. |
| 264 | 1 |
_aالقاهرة : _bدار الكتاب العربي للطباعة والنشر، _c[1969] |
|
| 300 |
_a527 صفحة : _bإيضاحيات ؛ _c24 سم |
||
| 504 | _aيشتمل على إرجاعات ببليوجرافية. | ||
| 541 |
_aألف باء ؛ _cشراء ؛ |
||
| 546 | _aالنص باللغة العربية وتم ترجمته من اللغة الإنجليزية. | ||
| 650 | 7 |
_916941 _aالفن والمجتمع. _2BUEsh |
|
| 651 | _2BUEsh | ||
| 653 |
_cAugust2015 _bARALIT |
||
| 655 | _vReading book | ||
| 700 | 1 |
_916928 _aزكريا ، فؤاد، _eمترجم. |
|
| 700 | 1 |
_916942 _aخاكي، أحمد، _eمراجع. |
|
| 942 |
_2ddc _cBB |
||
| 999 |
_c14586 _d14586 |
||